Т. 1, № 1; Высокомолекулярные соединения

Dettagli Bibliografici
Parent link:Высокомолекулярные соединения: научный журнал/ Академия наук СССР (АН СССР). Т. 1, № 1.— , 1959-1966
Lingua:russo
Pubblicazione: 1959
Natura: MixedMaterials Libro
KOHA link:https://koha.lib.tpu.ru/cgi-bin/koha/opac-detail.pl?biblionumber=380513

MARC

LEADER 00000nam2a2200000 4500
001 380513
005 20231101062700.0
035 |a (RuTPU)RU\TPU\prd\1632 
035 |a RU\TPU\prd\415 
090 |a 380513 
100 |a 20020218a19591992k y0rusy50 ca 
101 0 |a rus 
102 |a RU 
200 0 |a Т. 1, № 1 
210 |d 1959 
461 1 |0 (RuTPU)RU\TPU\prd\119  |t Высокомолекулярные соединения  |o научный журнал  |f Академия наук СССР (АН СССР)  |v Т. 1, № 1  |d 1959-1966 
801 0 |a RU  |b 63413507  |c 20011210  |g PSBO 
801 2 |a RU  |b 63413507  |c 20150811  |g PSBO 
942 |c BK 
999 |a НТБ_ТПУ  |b НФ  |e -8/20110111  |p П-770б  |u 0,00  |v 1  |x 17783